000 00515nmm a2200193Ia 4500
008 251105s9999||||xx |||||||||||||||||und||
020 _a9788415410157
041 _aspa
100 _aMoning, Karen Marie
245 0 _aFiebre mágica
264 _a[Madrid, España] :
_bTerciopelo,
_c2010
300 _a291 páginas
490 _aSerie Fiebre
650 _aRomance
700 _aMoning, Karen Marie
700 1 _a Margelí, Isabel
856 _uhttps://public.digitaliapublishing.com/a/38409
942 _cCF
999 _c68954
_d68954